Composition - Finale Euro 2016 : France - Portugal - Statistiques

Statistiques générales
  • Ce quiz a été pris 2 758 fois
  • Le résultat moyen est 19 sur 30
Statistiques - réponses
Joueurs % Correct
Hugo Lloris
96%
Antoine Griezmann
94%
Cristiano Ronaldo
94%
Olivier Giroud
90%
Paul Pogba
88%
Pepe
83%
Éder
81%
Rui Patricio
81%
André-Pierre Gignac
74%
Blaise Matuidi
74%
Dimitri Payet
71%
Patrice Evra
71%
Laurent Koscielny
68%
Samuel Umtiti
66%
Ricardo Quaresma
64%
Nani
61%
Kingsley Coman
60%
Moussa Sissoko
59%
Didier Deschamps
58%
Bacary Sagna
57%
Joao Moutinho
54%
Adrien Silva
52%
William Carvalho
49%
Raphaël Guerreiro
48%
Renato Sanches
46%
José Fonte
43%
Anthony Martial
28%
Cédric Soares
26%
Fernando Santos
26%
Joao Mario
25%
Aucun quiz correspondant
Distribution des résultats
% des personnes avec chaque résultat
Percentile par nombre de réponses
Votre historique - résultats
Vous n’avez pas pris ce quiz